José María Hinojosa / (Record no. 8686)

MARC details
000 -LEADER
campo de control de longitud fija 00883nam a2200253 i 4500
001 - NÚMERO DE CONTROL
campo de control 8686
003 - IDENTIFICADOR DE NÚMERO DE CONTROL
campo de control ES-MaACL
005 - FECHA Y HORA DE LA ÚLTIMA TRANSACCIÓN
campo de control 20240623062954.0
007 - CAMPO FIJO DE DESCRIPCIÓN FÍSICA--INFORMACIÓN GENERAL
campo de control de longitud fija t|
008 - DATOS DE LONGITUD FIJA--INFORMACIÓN GENERAL
campo de control de longitud fija 920821s1990 sp ||||1| spa d
020 ## - NÚMERO INTERNACIONAL ESTÁNDAR DEL LIBRO
Número Internacional Estándar del Libro 84-7785-053-4
080 ## - NÚMERO DE LA CLASIFICACIÓN DECIMAL UNIVERSAL
Número de la Clasificación Decimal Universal 86-14"19"
080 ## - NÚMERO DE LA CLASIFICACIÓN DECIMAL UNIVERSAL
Número de la Clasificación Decimal Universal 86(Hinojosa,J.M.3.01)
100 1# - ENTRADA PRINCIPAL--NOMBRE DE PERSONA
Nombre de persona Hinojosa, José María,
Fechas asociadas al nombre 1904-1936
9 (RLIN) 63772
245 10 - MENCIÓN DEL TÍTULO
Título José María Hinojosa /
Mención de responsabilidad, etc. introducción, selección y bio-bibliografía de Alfonso Sánchez Rodríguez.
260 ## - PUBLICACIÓN, DISTRIBUCIÓN, ETC.
Lugar de publicación, distribución, etc. Málaga :
Nombre del editor, distribuidor, etc. Centro Cultural de la Generación del 27,
Fecha de publicación, distribución, etc. D.L. 1990.
300 ## - DESCRIPCIÓN FÍSICA
Extensión 28 p. :
Otras características físicas retrato del autor ;
Dimensiones 22 cm.
490 1# - MENCIÓN DE SERIE
Mención de serie La ola gratinada ;
Designación de volumen o secuencia 6
700 1# - ENTRADA AGREGADA--NOMBRE PERSONAL
Nombre de persona Sánchez Rodríguez, Alfonso.
9 (RLIN) 102885
710 2# - ENTRADA AGREGADA--NOMBRE DE ENTIDAD CORPORATIVA
Nombre de entidad corporativa o nombre de jurisdicción como elemento de entrada Centro Cultural Generación del 27.
9 (RLIN) 2582
830 0# - PUNTO DE ACCESO ADICIONAL DE SERIE-TÍTULO UNIFORME
Título uniforme La ola gratinada ;
Designación de volumen o secuencia 6
9 (RLIN) 178241
852 ## - LOCALIZACIÓN
Ubicación ES-MaACL
Número de control de estantería 2145-F-24
Sublocalización o colección R.119262
Holdings
Estatus retirado Estado de pérdida Estado de daño No para préstamo Colección Biblioteca de origen Biblioteca actual Ubicación en estantería Fecha de adquisición Fuente de adquisición Total de préstamos Signatura topográfica completa Código de barras Visto por última vez Precio de reemplazo Tipo de ítem Koha
        Colección de folletos Biblioteca del Ateneo de Madrid Biblioteca del Ateneo de Madrid Depósito folletos 17/01/2008     2145-F-24 1008871 23/02/2023 23/02/2023 Folleto